Viaje a la Serena en 1791 (Record no. 20411)

MARC details
000 -LEADER
campo de control de longitud fija 00772nam a2200205 i 4500
001 - NÚMERO DE CONTROL
campo de control 20411
003 - IDENTIFICADOR DE NÚMERO DE CONTROL
campo de control ES-MaACL
005 - FECHA Y HORA DE LA ÚLTIMA TRANSACCIÓN
campo de control 20230906152311.0
007 - CAMPO FIJO DE DESCRIPCIÓN FÍSICA--INFORMACIÓN GENERAL
campo de control de longitud fija t|
008 - DATOS DE LONGITUD FIJA--INFORMACIÓN GENERAL
campo de control de longitud fija 021112s1955 sp ||||1| spa d
080 ## - NÚMERO DE LA CLASIFICACIÓN DECIMAL UNIVERSAL
Número de la Clasificación Decimal Universal 946.222 Serena
080 ## - NÚMERO DE LA CLASIFICACIÓN DECIMAL UNIVERSAL
Número de la Clasificación Decimal Universal 914.622.2 Serena "17"
100 1# - ENTRADA PRINCIPAL--NOMBRE DE PERSONA
Nombre de persona Agúndez Fernández, Antonio.
9 (RLIN) 18905
245 10 - MENCIÓN DEL TÍTULO
Título Viaje a la Serena en 1791
Resto del título : historia de una comarca extremeña escrita tras los pasos del magistrado Cubeles /
Mención de responsabilidad, etc. Antonio Agúndez Fernández.
260 ## - PUBLICACIÓN, DISTRIBUCIÓN, ETC.
Lugar de publicación, distribución, etc. Cáceres :
Nombre del editor, distribuidor, etc. [s.n.],
Fecha de publicación, distribución, etc. 1955 (
Fabricante Tip. Vda. de García Floriano)
300 ## - DESCRIPCIÓN FÍSICA
Extensión 198 p., 1 lám. ;
Dimensiones 21 cm.
651 #4 - PUNTO DE ACCESO ADICIONAL DE MATERIA--NOMBRE GEOGRÁFICO
Nombre geográfico La Serena (Badajoz, Comarca)-
Subdivisión general Historia.
9 (RLIN) 146010
651 #4 - PUNTO DE ACCESO ADICIONAL DE MATERIA--NOMBRE GEOGRÁFICO
Nombre geográfico La Serena (Badajoz, Comarca)-
Subdivisión general Descripción.
9 (RLIN) 146011
852 ## - LOCALIZACIÓN
Ubicación ES-MaACL
Número de control de estantería C-11351
Sublocalización o colección R.38338
Holdings
Estatus retirado Estado de pérdida Estado de daño No para préstamo Biblioteca de origen Biblioteca actual Ubicación en estantería Fecha de adquisición Fuente de adquisición Total de préstamos Signatura topográfica completa Código de barras Visto por última vez Precio de reemplazo Tipo de ítem Koha
        Biblioteca del Ateneo de Madrid Biblioteca del Ateneo de Madrid Sala Palomar 17/01/2008     C-11351 1020938 23/02/2023 23/02/2023 Libro impreso